NLSUI OPAC header image

The archipelagic concept in the law of the sea : Problems and perspectives (Record no. 3067)

MARC details
000 -LEADER
fixed length control field 00506nam a2200157Ia 4500
008 - FIXED-LENGTH DATA ELEMENTS--GENERAL INFORMATION
fixed length control field 160316s1982 xxu||||| |||| 00| 0 eng d
082 ## - DEWEY DECIMAL CLASSIFICATION NUMBER
Classification number 341.450000
Item number DEF
100 ## - MAIN ENTRY--PERSONAL NAME
Personal name Defensor Santiago Mcriam
245 ## - TITLE STATEMENT
Title The archipelagic concept in the law of the sea : Problems and perspectives
250 ## - EDITION STATEMENT
Edition statement
260 ## - PUBLICATION, DISTRIBUTION, ETC.
Place of publication, distribution, etc. Metro Manila Philippiness
Name of publisher, distributor, etc. Development Academy of the Phillippiness press
Date of publication, distribution, etc. 1982
300 ## - PHYSICAL DESCRIPTION
Extent 77
Other physical details
Dimensions
365 ## - TRADE PRICE
Price amount
650 ## - SUBJECT ADDED ENTRY--TOPICAL TERM
Topical term or geographic name entry element 1. Law of the Sea<br/>2. International Law - Sea
700 ## - ADDED ENTRY--PERSONAL NAME
Personal name
--
Holdings
Withdrawn status Lost status Damaged status Not for loan Home library Current library Shelving location Date acquired Total Checkouts Full call number Barcode Date last seen Price effective from Koha item type
        . . Library Compactors 30.05.2017   341.45 DEF 3220 30.05.2017 30.05.2017 BOOKs